5 Pillars of Islam Quiz Stats

 Plays Quiz Updated Feb 23, 2019

Score 0/5 Timer 02:00
1 Play Today
Pillar Pillar % Correct
SalatPraying 5 times a day
89.4%
HajjPilgrimage to Mecca
87.5%
ZakatCharitable giving to the poor
73.5%
SawmFasting during Ramadan
70.8%
ShahadaPublic profession of Faith
56.8%

You're not logged in!

Compare scores with friends on all Sporcle quizzes.
OR
Log In

Sporcle TV

Today on Sporcle TV


Watch our educational content, quiz creation guides, and fun videos on Sporcle TV.

Show Comments

Extras

Top Quizzes Today


Score Distribution

Your Account Isn't Verified!

In order to create a playlist on Sporcle, you need to verify the email address you used during registration. Go to your Sporcle Settings to finish the process.

Report this User

Report this user for behavior that violates our Community Guidelines.

Details: